000 01288nam0a2200349 4500
001 RU\NLR\bibl\1184339
005 20260405153139.0
010 _a5-9561-0058-3
035 _a(NLR Aleph) 001170924
090 _a1596838
_c1596838
100 _a20080206d2004 |||y0rusy50 ca
101 1 _arus
_ceng
102 _aRU
105 _aa |||||||||
200 1 _aЭротика в произведениях искусства
_fЭдвард Люси-Смит
_g[пер. с англ.: И.Д. Голыбиной]
210 _aМосква
_cАрт-Родник
_dcop. 2004
215 _a224 с.
_cцв. ил.
_d29
225 1 _aЭротика
300 _aНа 3-й суперобл. авт.: Э. Люси-Смит журн.
320 _aДр. работы авт. на 3-й с. суперобл.
320 _aИмен. указ. худож.: с. 222-223
333 _a18+
606 1 _aЭротика
_xв изобразительном искусстве
_92121740
_3RU\NLR\auth\661281124
686 _aЩ103(0)-3
700 1 _4070
_8rus
_7ca
_aЛюси-Смит
_bЭ.
_f1933-
_gЭдвард
_3RU\NLR\AUTH\7764166
_947095
801 0 _aRU
_bNLR
_c20080206
_gRCR
801 1 _aRU
_bNLR
_c20080206
942 _cBOOK
980 _aNB
980 _aSUPPRESS